00676 2200289 4500001002100000005001500021035002000036245003600056100001700092250000600109300003000115856004500145260004400190082000800234084001400242600001000256990001200266990001200278990001200290990001200302990001200314990001200326990001200338990001200350990001200362990001200374INLIS00000000000164720250429082343 a0010-04250000631 aLadang Perminus /cRamadhan Kh.0 aRamadhan Kh. a1 a130 hlm :bIlust ;c21 cm aRuang Baca Umum No Klas 800 ( Rak 3,4,5) aJakarta :bPustaka Utama Grafiti,c2002 a813 a813 RAM l 4aFiksi a02.1950 a02.1951 a02.1952 a02.1953 a02.1954 a02.1955 a02.1956 a02.1957 a02.1958 a02.1959